Tribhuvan University Central Library

Structure and properties of FATOU,JULIA,Escaping and fast escaping sets of holomorphic semigro UPS (Record no. 101613)

MARC details
000 -LEADER
fixed length control field 00457nam a22001457a 4500
008 - FIXED-LENGTH DATA ELEMENTS--GENERAL INFORMATION
fixed length control field 210907b |||||||| |||| 00| 0 eng d
082 ## - DEWEY DECIMAL CLASSIFICATION NUMBER
Classification number CD18141
100 ## - MAIN ENTRY--PERSONAL NAME
Personal name Subedi, Bishnu Hari
245 ## - TITLE STATEMENT
Title Structure and properties of FATOU,JULIA,Escaping and fast escaping sets of holomorphic semigro UPS
260 ## - PUBLICATION, DISTRIBUTION, ETC. (IMPRINT)
Place of publication, distribution, etc Kathmandu:
Date of publication, distribution, etc 2020
502 ## - DISSERTATION NOTE
Dissertation note Thesis (Ph.D. in Mathematics),TU
650 ## - SUBJECT ADDED ENTRY--TOPICAL TERM
Topical term or geographic name as entry element Holomorphic functions
650 ## - SUBJECT ADDED ENTRY--TOPICAL TERM
Topical term or geographic name as entry element Mathematics
942 ## - ADDED ENTRY ELEMENTS (KOHA)
Source of classification or shelving scheme Dewey Decimal Classification
Koha item type Audio Visual Materials
Holdings
Withdrawn status Lost status Source of classification or shelving scheme Damaged status Not for loan Home library Current library Date acquired Total Checkouts Full call number Barcode Date last seen Price effective from Koha item type
    Dewey Decimal Classification     Tribhuvan University Central Library Tribhuvan University Central Library 09/07/2021   CD18141 A18091 09/07/2021 09/07/2021 Audio Visual Materials